000 00342nam a22001217a 4500
999 _c18266
_d18266
008 200306b xxu||||| |||| 00| 0 eng d
020 _a0754648818
245 _aEthics, Law and Society
_cEdited by Jennifr Gunning and Soren Holm
260 _aLondon
_bTaylor & Francis
300 _axix, 326p.
650 _aApplied Ethics
942 _2lcc
_cBK